00591nam a2200193Ia 4500008004100000020001500041082001600056100001700072245004500089250000700134260003600141300002900177500001900206600001500225650001500240942000700255952012000262999001500382240925s9999 xx 000 0 und d a007219460x a658.472 RAI aRaina, Kapil 0aM Commerce Security: a beginner's guide  aNA aNew York:bMc Graw HIllc,2003. axiv,466p.bNAfPhotocopy aIncludes Index aManagement aManagement cBK 001040708MANaUITUbUITUd2002-11-22eF.B.Cg1195.00l0o658.472 RAIpQ4756r2024-09-25 07:13:37w2024-09-25yBK c7255d7255